000 01198cam a22003497a 4500
003 CHAP
005 20220329141603.0
008 971013s1959 r 00010 d
010 _a70559
011 _a71531
035 _a81085
040 _cCHAP
090 _aTesis
100 0 0 _aBaldovinos de la Peña, Gabriel.
_99668
245 0 _aPropiedades fisiológicas del virus del mosaico de la caña de azúcar
260 _aChapingo, Méx. :
_bEl autor,
_c1959
300 _a56 h.
_b: ilus.
502 _aTesis (Ing. Agr. Esp. en Fitotecnia) -- ENA. Departamento de Fitotecnia
590 _aALEPH
_b10
_c20130110
_lUCH01
_h1410
590 _aBATCH-UPD
_b10
_c20130110
_lUCH01
_h1215
590 _aBATCH-UPD
_b10
_c20130410
_lUCH01
_h0752
590 _aBATCH-UPD
_b10
_c20130914
_lUCH01
_h0531
590 _aCONVERSION
_b10
_c20130109
_lUCH01
_h1339
650 1 4 _aCaña de azúcar
_xEnfermedades.
_918598
650 1 4 _aCaña de azúcar
_xPlagas.
_918636
650 1 4 _aVirus del mosaico de la caña de azúcar.
_9119953
901 _aBK
942 _cFOLL
949 _bBC
_cTES
_d-34245
_eTS1
_i81085
_si
949 _bBC
_cTES
_d-34246
_eTS2
_fc.2
_i81085
_si
949 _bBC
_cTES
_d-34247
_eTS2
_fc.3
_i81085
_si
999 _c70559
_d70559